000 00607nam a2200229 a 4500
001 0001-1386
003 ELIB.Books
008 160727 2010 eng
020 _a0664251684
035 _a(ELIB.Books)0001-1541
092 _a262
_bCar
100 _aCarroll, Jackson W.
245 _aAs One With Authority
_bReflective Leadership in Ministry
260 _aLouisville
_bWestminster/John Knox Press
_c1991
300 _a234
_c22 Cm
650 _aClergy-Office
856 _nKBTS Library
_uKBTS: ELIB
942 _2ddc
_cBK
990 _a1
998 _cbat
_e2016-07-27
999 _c11386
_d11386